| 000 -LEADER |
| fixed length control field |
01283nam a22002057a 4500 |
| 005 - DATE AND TIME OF LATEST TRANSACTION |
| control field |
20231227112539.0 |
| 008 - FIXED-LENGTH DATA ELEMENTS--GENERAL INFORMATION |
| fixed length control field |
231227s1986 ru ||||| |||| 00| 0 rus d |
| 041 ## - LANGUAGE CODE |
| Language code of text/sound track or separate title |
rus |
| 080 ## - UNIVERSAL DECIMAL CLASSIFICATION NUMBER |
| Universal Decimal Classification number |
929.731(479.22) Д-40 |
| 100 ## - MAIN ENTRY--PERSONAL NAME |
| Personal name |
Джуаншериани, Джуаншер |
| 9 (RLIN) |
20908 |
| 245 ## - TITLE STATEMENT |
| Title |
Жизнь Вахтанга Горгасала / |
| Statement of responsibility, etc. |
Джуаншер Джуаншериани; Перевод, введение и примечания Г.В. Цулая; Академия наук СССР, Институт этнографии имени Н.Н. Миклухо-Маклая, Академия наук Грузинской ССР, Комиссия по источникам истории Грузии. |
| 264 ## - PRODUCTION, PUBLICATION, DISTRIBUTION, MANUFACTURE, AND COPYRIGHT NOTICE |
| Place of production, publication, distribution, manufacture |
Тбилиси : |
| Name of producer, publisher, distributor, manufacturer |
Мецниереба, |
| Date of production, publication, distribution, manufacture, or copyright notice |
1986. |
| 300 ## - PHYSICAL DESCRIPTION |
| Extent |
149 с. ; |
| Other physical details |
21 см. |
| 440 ## - SERIES STATEMENT/ADDED ENTRY--TITLE |
| Title |
Памятники грузинской исторической литературы ; |
| Number of part/section of a work |
6 / Редактор серии и тома Р.К. Кикнадзе |
| 9 (RLIN) |
20909 |
| 653 ## - INDEX TERM--UNCONTROLLED |
| keyword |
ვახტანგ I გორგასალი |
| 653 ## - INDEX TERM--UNCONTROLLED |
| keyword |
ქართლის მეფე |
| 653 ## - INDEX TERM--UNCONTROLLED |
| keyword |
დოკუმენტური წყაროები |
| 700 ## - ADDED ENTRY--PERSONAL NAME |
| Personal name |
Цулая, Г.В. |
| Relator term |
მთარგმნელი |
| 9 (RLIN) |
20910 |
| 942 ## - ADDED ENTRY ELEMENTS (KOHA) |
| Source of classification or shelving scheme |
|
| Koha item type |
წიგნი |